Statistics for Spanish 2C

Click here to take the quiz!

General Stats

  • This quiz has been taken 80 times
  • The average score is 9 of 14

Answer Stats

HintAnswer% Correct
blacknegro
100%
redrojo
100%
greenverde
100%
blueazul
90%
whiteblanco
90%
yellowamarillo
70%
graygris
70%
pinkrosa
60%
orange (color)anaranjado
50%
browncafe
40%
brown (skin/hair/eye color)moreno
40%
browncastano
30%
purplemorado
30%
brown (hair/eye color)pardo
30%

Score Distribution

Percentile by Number Answered

Percent of People with Each Score

Your Score History

You have not taken this quiz